000
00237nam a22000857a 4500
008
160711b xxu||||| |||| 00| 0 eng d
100
_9
2612
_a
McAhren, R
245
_a
Beneath the Weaping Willow Tree
260
_a
Indiana
_b
Raymond McAhren
_c
1967
999
_c
2268
_d
2268